| 000 | 00618nam a2200205Ia 4500 | ||
|---|---|---|---|
| 003 | GCL | ||
| 005 | 20240530102932.0 | ||
| 008 | 140319s9999 xx 000 0 ara d | ||
| 040 |
_aGCL / _cGCL |
||
| 082 | 0 | 4 |
_a414.13 _bا م |
| 100 | 1 | _aاحمد جميل شامى | |
| 245 | 1 | 0 |
_aمعجم حروف المعانى / _cاحمد جميل شامى |
| 260 |
_a[S.N] : _bمؤسسة عز الدين للطباعة والنشر ، _c1992 |
||
| 300 | _a293 ص | ||
| 650 | 0 | 4 | _aاللغة العربية |
| 650 | 0 | 4 | _aالصرف |
| 650 | 0 | 4 | _aالبلاغة العربية |
| 650 | 0 | 4 | _aالمعانى |
| 942 |
_2ddc _cBK |
||
| 999 |
_c35478 _d35478 |
||